000
00276nam a2200109Ia 4500
001
588864
005
20250717120838.0
008
250717s9999 xx 000 0 und d
245
0
_a
Y-6 İBRAHİM İLE KARTOPU
_c
GÜLSÜM SEZGİN
260
_b
ERDEM YAYINLARI
_c
2020
300
_b
86
999
_c
588864
_d
588864